| 000 | 00682nam a2200253Ia 4500 | ||
|---|---|---|---|
| 999 |
_c49649 _d49649 |
||
| 001 | 16581 | ||
| 003 | GE_BSU | ||
| 005 | 20250131175217.0 | ||
| 008 | 181216s2006||||enk|||||||||||||| ||eng|| | ||
| 020 | _a9781405822459 | ||
| 040 | _cGE_BSU | ||
| 041 | _aeng | ||
| 080 | _a811.111(075.8) C-59 | ||
| 100 |
_aClare, Antonia _91647 |
||
| 245 |
_aTotal English : Intermediate : _bWorkbook (With key) / _cAntonia Clare, J. J. Wilson. |
||
| 264 |
_aEdinburg : _bPearson Longman, _c2006. |
||
| 300 |
_a94 p. ; _c29 cm. |
||
| 541 | _h5ლ. | ||
| 653 | _aIntermediate | ||
| 653 | _aTotal English | ||
| 653 | _aWorkbook | ||
| 700 |
_aWilson, J. J. _cauthor _924210 |
||
| 942 |
_cBK _2udc |
||